000 00625nas a2200217 i 4500
001 173078
003 ES-MaACL
005 20250217134834.0
008 091027d19011905sp mr m ss | |spa d
022 _a2485-1205
080 _a314
245 0 0 _aEstadística demográfica /
_cAyuntamiento de Madrid.
260 _aMadrid :
_bAyuntamiento de Madrid,
_c[1901-1905]
300 _a4 v. ;
_c31 cm.
310 _aMensual
651 4 _aMadrid-
_xPoblación-
_vEstadísticas.
_9164664
710 1 _aMadrid.
_bAyuntamiento
_9234069
852 4 _aES-MaACL
_jC-12373-76
866 0 _o1901,1903-1905.
999 _c173078
_d173078